| 000 | 00680nam a22002177a 4500 | ||
|---|---|---|---|
| 003 | OSt | ||
| 005 | 20140310181804.0 | ||
| 008 | 130704t xxu||||| |||| 00| 0 eng d | ||
| 020 | _a0754804542 (hardcover) | ||
| 050 |
_aQ 175.5 _b.F235 2000 |
||
| 082 |
_aREF 608 _bF23 2000 |
||
| 245 |
_aScience and technology : _bhumankind's quest for knowledge and explanations / _cJohn Farndon. |
||
| 260 |
_aLondon, SE : _bAnnes Pub, _c2000. |
||
| 300 |
_a64 p. ; _bill. col. ; _c30 cm. : |
||
| 500 | _aIncludes index. | ||
| 520 | _a1. Inventions. 2. Technology and civilization. | ||
| 521 | _aBasic ed. students | ||
| 541 | _j1 | ||
| 562 | _e1 | ||
| 942 |
_2lcc _cBK-GR _kREF |
||
| 999 |
_c3728 _d3728 |
||